A revision of Beaumontia Wallich, Kibatalia G. Don and Vallariopsis Woodson (Apocynaceae) : series of revisions of Apocynaceae XIX

Bibliographic Details
Main Author: RUDJIMAN
Format: Book
Published: The Netherlands : Wageningen Agricultural University , 1987
Series:Agricultural University Wageningen papers ; 86-5.
Subjects:

MARC

LEADER 00000cam a2200000 7i4500
001 0000001569
005 20010808.0
020 0 0 |a 9067540994 
090 0 0 |a 583.72   |b RUD 1987 
100 1 0 |a RUDJIMAN 
245 1 2 |a A revision of Beaumontia Wallich, Kibatalia G. Don and Vallariopsis Woodson (Apocynaceae) :   |b series of revisions of Apocynaceae XIX   |c Rudjiman 
260 0 0 |a The Netherlands :   |b Wageningen Agricultural University ,   |c 1987 
300 |a 99 p. :   |b ill. ;   |c 25 cm. 
440 0 0 |a Agricultural University Wageningen papers ; 86-5. 
500 0 0 |a Includes bibliographical references and indexes 
650 0 0 |a Beaumontia   |z Asia   |x Classification 
650 0 0 |a Botany   |z Asia   |x Classification 
650 0 0 |a Kibatalia   |z Asia   |x Classification 
650 0 0 |a Vallariopsis   |z Asia   |x Classification 
998 |a JPSM 
999 |a 0000002691   |b Monograph   |c Open Shelf   |e Default branch